Statystyki dla Państwa nordyckie i stołeczne

Kliknij tutaj aby rozwiązać quiz!

Ogólne statystyki

  • Ten quiz został rozwiązany 374 razy
  • Średni wynik to 9 z 10

Statystyki odpowiedzi

% Poprawnych
Dania
99%
Norwegia
99%
Szwecja
99%
Finlandia
98%
Kopenhaga
97%
Oslo
97%
Islandia
96%
Sztokholm
95%
Helsinki
93%
Reykjavik
68%

Rozkład punktacji

Percentyl według liczby udzielonych odpowiedzi

Procent ludzi z każdym wynikiem

Twoja historia wyników

Nie rozwiązałeś tego quizu